[Event "Open A"]
[Site "Venezia ITA"]
[Date "1996.11.??"]
[Round "5"]
[White "Pastres, Roberto"]
[Black "Fabris, Alberto"]
[Result "0-1"]
[WhiteElo "2215"]
[BlackElo "2190"]
[PlyCount "110"]
[EventDate "1996.11.01"]

1. d4 Nf6 2. c4 g6 3. Nc3 Bg7 4. e4 d6 5. Nf3 O-O 6. Be2 e5 7. d5 a5 8. Bg5 h6
9. Bh4 Na6 10. Nd2 Qe8 11. O-O Bd7 12. b3 Nh7 13. a3 h5 14. f3 Bh6 15. Kh1 Be3
16. Qc2 f5 17. exf5 gxf5 18. Rab1 Kh8 19. Bf2 Bxf2 20. Rxf2 Nf6 21. b4 axb4 22.
axb4 b6 23. Nf1 h4 24. Bd3 Nh5 25. Ne3 Qg6 26. Ne2 Qg5 27. Qd2 f4 28. Nd1 Bf5
29. Ndc3 Nf6 30. Qc2 Bxd3 31. Qxd3 Kg7 32. Ne4 Nxe4 33. Qxe4 Nb8 34. Nc3 Nd7
35. Nb5 Rfc8 36. Qc2 Qg6 37. Kg1 Qxc2 38. Rxc2 Kf7 39. Kf2 Ke7 40. Ke2 Nf6 41.
Rg1 Kd7 42. Kf2 Ra4 43. Rb1 Rca8 44. g3 hxg3+ 45. hxg3 Rh8 46. Kg2 fxg3 47.
Kxg3 Raa8 48. Rbb2 Nh5+ 49. Kf2 Nf4 50. Ke3 Ra1 51. Ra2 Re1+ 52. Kd2 Re2+ 53.
Kc3 Re3+ 54. Kd2 Rxf3 55. c5 Rh2+ 0-1

[Event "Open A"]
[Site "Venezia ITA"]
[Date "1996.11.??"]
[Round "5"]
[White "Rossato, Armando"]
[Black "Santolini, Luigi"]
[Result "1/2-1/2"]
[WhiteElo "1920"]
[BlackElo "2235"]
[PlyCount "81"]
[EventDate "1996.11.01"]

1. d4 d5 2. Nf3 Nf6 3. e3 e6 4. c3 Be7 5. Bd3 O-O 6. O-O b6 7. Ne5 Bb7 8. Nd2
Nbd7 9. f4 Ne4 10. Nxe4 dxe4 11. Bb5 Nb8 12. Bd2 f6 13. Ng4 a6 14. Bc4 Bd5 15.
Be2 Nd7 16. c4 Bb7 17. Qc2 f5 18. Ne5 Nxe5 19. fxe5 Qe8 20. b4 c5 21. bxc5 bxc5
22. Rab1 Bc6 23. Rb6 f4 24. Bg4 Bd8 25. dxc5 Bxb6 26. cxb6 f3 27. Bb4 Rf7 28.
Bd6 Rb7 29. Bc7 h5 30. Bh3 g5 31. gxf3 exf3 32. Kf2 g4 33. Rg1 Kh8 34. Bf1 Qe7
35. Qg6 Qh4+ 36. Rg3 Qxh2+ 37. Bg2 Be8 38. Qh6+ Kg8 39. Rxg4+ hxg4 40. Qxh2
fxg2 41. Qxg2 1/2-1/2

[Event "Open A"]
[Site "Venezia ITA"]
[Date "1996.11.??"]
[Round "5"]
[White "Rossi, Carlo"]
[Black "Mordiglia, Riccardo"]
[Result "1-0"]
[WhiteElo "2320"]
[BlackElo "2100"]
[PlyCount "125"]
[EventDate "1996.11.01"]

1. e4 b6 2. d4 Bb7 3. Nc3 e6 4. a3 Nf6 5. Bd3 c5 6. Nf3 cxd4 7. Nxd4 Nc6 8. Nf3
d6 9. Qe2 a6 10. Bf4 Qc7 11. h3 Nd7 12. O-O Be7 13. Bg5 Nde5 14. Bxe7 Qxe7 15.
Nd2 g5 16. a4 h5 17. Qe3 g4 18. Qxb6 gxh3 19. f4 Rg8 20. Rf2 h2+ 21. Kh1 Ng4
22. Re2 Rb8 23. Nd5 Qd8 24. Qxd8+ Kxd8 25. Ne3 Nd4 26. Ree1 Kc7 27. Nd1 Rbe8
28. c3 Nc6 29. Nf3 e5 30. f5 a5 31. Nxh2 Nf6 32. Ne3 Ne7 33. Nc4 Nc6 34. Nf3
Rg4 35. Ne3 Rgg8 36. Nd2 Rg3 37. Ndf1 Rg7 38. g3 Ba8 39. Kh2 Reg8 40. Nd5+ Nxd5
41. exd5 Nb8 42. c4 Nd7 43. Re2 Bb7 44. Rae1 Nc5 45. Bc2 Rg4 46. b3 Bc8 47. Rg2
Bd7 48. Ne3 R4g5 49. Rf1 f6 50. Rh1 Rb8 51. Rb1 Rb4 52. Kg1 Kd8 53. g4 hxg4 54.
Rxg4 Rxg4+ 55. Nxg4 Ke7 56. Kf2 Rb8 57. Rh1 Rf8 58. Rh7+ Rf7 59. Rh8 Be8 60.
Nh6 Rf8 61. Rh7+ Bf7 62. Bd1 Ke8 63. Nxf7 1-0

[Event "Open A"]
[Site "Venezia ITA"]
[Date "1996.11.??"]
[Round "5"]
[White "Solinas, Carlo"]
[Black "Mora, Federico"]
[Result "0-1"]
[WhiteElo "1949"]
[BlackElo "2335"]
[PlyCount "66"]
[EventDate "1996.11.01"]

1. e4 g6 2. d4 Bg7 3. Nc3 c5 4. d5 d6 5. Be3 Nf6 6. f3 Na6 7. Qd2 h5 8. h4 Bd7
9. Nh3 Qa5 10. Kf2 Rb8 11. Be2 b5 12. a4 b4 13. Nb5 Qb6 14. Ng5 Nc7 15. Nxc7+
Qxc7 16. Bc4 O-O 17. Ra2 Bc8 18. Qd3 Nd7 19. f4 Nf6 20. Ke1 Ng4 21. Bg1 Kh8 22.
Rh3 f5 23. Ne6 Bxe6 24. dxe6 d5 25. exd5 Qxf4 26. Be3 Qe5 27. Kd1 Rbc8 28. Qd2
Qe4 29. Bf1 Rfd8 30. Bd3 Qxd5 31. b3 Bc3 32. Qe2 c4 33. bxc4 Qxc4 0-1

[Event "Open A"]
[Site "Venezia ITA"]
[Date "1996.11.??"]
[Round "6"]
[White "Guid, Matej"]
[Black "Rossi, Carlo"]
[Result "1/2-1/2"]
[WhiteElo "2155"]
[BlackElo "2320"]
[PlyCount "20"]
[EventDate "1996.11.01"]

1. d4 Nc6 2. Nf3 d6 3. g3 g6 4. Bg2 Bg7 5. O-O Bg4 6. d5 Nb8 7. c4 Nf6 8. Nc3
O-O 9. h3 Bd7 10. Be3 c5 1/2-1/2

[Event "Open A"]
[Site "Venezia ITA"]
[Date "1996.11.??"]
[Round "6"]
[White "Mora, Federico"]
[Black "Pastres, Roberto"]
[Result "1/2-1/2"]
[WhiteElo "2335"]
[BlackElo "2215"]
[PlyCount "33"]
[EventDate "1996.11.01"]

1. e4 c5 2. Nf3 d6 3. d4 cxd4 4. Nxd4 Nf6 5. Nc3 a6 6. f4 e6 7. Bd3 Nc6 8. Nf3
Qc7 9. O-O b5 10. Kh1 b4 11. e5 bxc3 12. exf6 gxf6 13. bxc3 f5 14. Qe1 Be7 15.
Qg3 Bf6 16. Rb1 h5 17. h4 1/2-1/2

[Event "Open A"]
[Site "Venezia ITA"]
[Date "1996.11.??"]
[Round "6"]
[White "Mordiglia, Riccardo"]
[Black "Rossato, Armando"]
[Result "1-0"]
[WhiteElo "2100"]
[BlackElo "1920"]
[PlyCount "33"]
[EventDate "1996.11.01"]

1. d4 d5 2. e4 dxe4 3. Nc3 Nf6 4. f3 exf3 5. Nxf3 g6 6. Bc4 Bg7 7. O-O O-O 8.
Qe1 Nbd7 9. Qh4 e6 10. Bg5 Qe8 11. Rad1 c6 12. Bh6 b5 13. Bd3 Qd8 14. Ng5 Nh5
15. Bxg7 Kxg7 16. Rxf7+ Kg8 17. Rg7+ 1-0

[Event "Open A"]
[Site "Venezia ITA"]
[Date "1996.11.??"]
[Round "6"]
[White "Redo, Nicola"]
[Black "Ferretti, Folco"]
[Result "1/2-1/2"]
[WhiteElo "2190"]
[BlackElo "2290"]
[PlyCount "23"]
[EventDate "1996.11.01"]

1. Nf3 d5 2. g3 g6 3. Bg2 Bg7 4. d4 Nf6 5. O-O O-O 6. c4 c6 7. cxd5 cxd5 8. Ne5
e6 9. Nc3 Nfd7 10. Nf3 Nc6 11. Rb1 a6 12. h4 1/2-1/2

[Event "Open A"]
[Site "Venezia ITA"]
[Date "1996.11.??"]
[Round "6"]
[White "Santolini, Luigi"]
[Black "Simoli, Sergio"]
[Result "1-0"]
[WhiteElo "2235"]
[BlackElo "2168"]
[PlyCount "59"]
[EventDate "1996.11.01"]

1. e4 d6 2. d4 Nf6 3. Nc3 Nbd7 4. Nf3 c6 5. e5 Nd5 6. Nxd5 cxd5 7. e6 fxe6 8.
Ng5 Qa5+ 9. Bd2 Qb6 10. Bd3 Nf6 11. Bxh7 Qxd4 12. Bg6+ Kd7 13. Qe2 e5 14. c3
Qg4 15. f3 Qh4+ 16. Kd1 Kc7 17. b3 e4 18. Nf7 Rg8 19. Bg5 exf3 20. gxf3 Qh3 21.
Rg1 e5 22. c4 Qe6 23. Rc1 Kb8 24. c5 d4 25. c6 bxc6 26. Nd8 d3 27. Qxd3 Qd5 28.
Nxc6+ Kb7 29. Qxd5 Nxd5 30. Bf7 1-0

[Event "C.to Mondiale U18 femminile"]
[Site "Cala Galdana ESP"]
[Date "1996.10.??"]
[Round "2"]
[White "Arnetta, Maria Teresa"]
[Black "Hunt, Harriet V."]
[Result "0-1"]
[WhiteElo "1708"]
[BlackElo "2315"]
[PlyCount "80"]
[EventDate "1996.10.21"]

1. e4 c5 2. c3 Nf6 3. e5 Nd5 4. d4 cxd4 5. cxd4 e6 6. Nf3 b6 7. Nc3 Nxc3 8.
bxc3 Qc7 9. Qc2 Be7 10. Bd3 Ba6 11. O-O Bxd3 12. Qxd3 O-O 13. Bg5 f6 14. Bh4
Nc6 15. Rfe1 fxe5 16. Bxe7 Nxe7 17. Nxe5 Rf5 18. c4 Raf8 19. Re2 d6 20. Ng4 Ng6
21. Rc2 Qf7 22. Qg3 Rf4 23. Rd1 h5 24. Ne3 h4 25. Qg5 Rxf2 26. Rcd2 Qf4 27.
Qxf4 R2xf4 28. Nc2 Rc8 29. Re1 Kf7 30. Ne3 Ne7 31. g3 hxg3 32. hxg3 Rf6 33. Kg2
Ke8 34. Rde2 Kd7 35. Ng4 Rg6 36. Ne3 Rf8 37. Rd2 Rg5 38. Rde2 Ng6 39. Rc2 Nf4+
40. Kf2 Nd3+ 0-1

[Event "C.to Mondiale U18"]
[Site "Cala Galdana ESP"]
[Date "1996.10.??"]
[Round "?"]
[White "Vismara, Daniele"]
[Black "Johansen, Terje"]
[Result "1-0"]
[WhiteElo "2155"]
[BlackElo "2375"]
[PlyCount "65"]
[EventDate "1996.10.21"]

1. e4 c6 2. d4 d5 3. Nd2 dxe4 4. Nxe4 Nd7 5. Bc4 Ngf6 6. Ng5 e6 7. Qe2 Nb6 8.
Bb3 h6 9. N5f3 c5 10. c3 Qc7 11. a3 a6 12. Nh3 Bd6 13. dxc5 Bxc5 14. Bf4 Qe7
15. Ne5 Nbd7 16. O-O O-O 17. Bc2 Re8 18. Rad1 Nxe5 19. Bxe5 Nd7 20. Qd3 f5 21.
Bg3 Nf8 22. b4 Ba7 23. Rfe1 Qf7 24. Bd6 Ng6 25. Nf4 Bd7 26. Bb3 Rad8 27. Bc7
Nxf4 28. Bxf4 Qg6 29. g3 Bb6 30. Qd6 Bc6 31. Rxe6 Rxd6 32. Rxg6+ Bd5 33. Bxd5+
1-0

[Event "C.to Mondiale U18"]
[Site "Cala Galdana ESP"]
[Date "1996.10.??"]
[Round "7"]
[White "Vismara, Daniele"]
[Black "Williams, Simon K."]
[Result "0-1"]
[WhiteElo "2155"]
[BlackElo "2350"]
[PlyCount "67"]
[EventDate "1996.10.21"]

1. e4 c5 2. c3 e6 3. d4 d5 4. e5 Nc6 5. Nf3 Bd7 6. Be2 f6 7. O-O cxd4 8. exf6
Nxf6 9. cxd4 Bd6 10. Nc3 O-O 11. Bg5 Qb6 12. a3 Be8 13. Bxf6 Rxf6 14. b4 Bh5
15. Na4 Qc7 16. h3 Raf8 17. Rc1 a6 18. Rc3 Qe7 19. Nc5 Bxc5 20. dxc5 Rf4 21.
Ne5 Nxe5 22. Bxh5 Qf6 23. Rc2 g6 24. Bg4 h5 25. Be2 Rxf2 26. Bxa6 Rxf1+ 27.
Bxf1 Qf4 28. Qe1 Qg5 29. Kh1 Qf5 30. Rc1 d4 31. Bb5 d3 32. Rd1 g5 33. Qe3 Rd8
34. Rg1 0-1

[Event "C.to Mondiale U18"]
[Site "Cala Galdana ESP"]
[Date "1996.10.??"]
[Round "9"]
[White "Vismara, Daniele"]
[Black "Menkinoski, Riste"]
[Result "0-1"]
[WhiteElo "2155"]
[BlackElo "2310"]
[PlyCount "113"]
[EventDate "1996.10.21"]

1. e4 c5 2. c3 Qa5 3. Nf3 Nc6 4. Na3 a6 5. Nc4 Qc7 6. a4 d6 7. d4 cxd4 8. cxd4
Bg4 9. Be3 Nf6 10. d5 Ne5 11. Nb6 Rb8 12. Rc1 Qd8 13. a5 g6 14. Be2 Bxf3 15.
Bxf3 Bg7 16. Be2 Ned7 17. Qa4 O-O 18. O-O Nxb6 19. axb6 Qd7 20. b4 Rfd8 21.
Qxd7 Nxd7 22. Rc7 Kf8 23. Rfc1 Nf6 24. f3 Ne8 25. R7c2 Ra8 26. g3 Bf6 27. Bf1
e6 28. Bh3 Ke7 29. Kf2 a5 30. bxa5 Rxa5 31. dxe6 fxe6 32. f4 Ra4 33. Bg2 Bd4
34. Rb1 Rda8 35. Bxd4 Rxd4 36. e5 d5 37. Bf1 h6 38. Bb5 g5 39. Bxe8 Kxe8 40.
Kf3 gxf4 41. gxf4 Raa4 42. Rc8+ Kf7 43. Rc7+ Kg6 44. Rxb7 Rxf4+ 45. Kg2 Rfb4
46. Rf1 Ra2+ 47. Kg1 Rbb2 48. Rf6+ Kh5 49. Rd7 Rxb6 50. Rd6 Rb1+ 51. Rf1 Rbb2
52. Rf6 Rg2+ 53. Kf1 Rxh2 54. Kg1 Rhe2 55. Rdxe6 Ra1+ 56. Rf1 Rxf1+ 57. Kxf1
0-1

[Event "X Festival Golfo di Napoli"]
[Site "Napoli ITA"]
[Date "1996.11.01"]
[Round "6"]
[White "Cocozza, Mario"]
[Black "Capuano, Eugenio"]
[Result "1-0"]
[WhiteElo "2310"]
[BlackElo "2155"]
[PlyCount "65"]
[EventDate "1996.10.27"]

1. e4 c5 2. Nf3 d6 3. d4 cxd4 4. Nxd4 Nf6 5. Nc3 g6 6. g3 Nc6 7. Bg2 Nxd4 8.
Qxd4 Bg7 9. O-O O-O 10. h3 Be6 11. Qd1 Rc8 12. Be3 Qd7 13. Kh2 b5 14. Nd5 Nxd5
15. exd5 Bf5 16. c3 h5 17. a3 Rc4 18. Re1 Be5 19. Bf1 Ra4 20. b3 Re4 21. Rc1 h4
22. f4 hxg3+ 23. Kxg3 Bf6 24. Bg2 Rxe3+ 25. Rxe3 g5 26. Be4 Bxe4 27. Rxe4 Qf5
28. Qf3 gxf4+ 29. Kf2 Be5 30. Rg1+ Kh8 31. Rg4 Rc8 32. Rh4+ Kg8 33. Rxe5 1-0

[Event "C.to Mondiale U10"]
[Site "Cala Galdana ESP"]
[Date "1996.10.??"]
[Round "4"]
[White "Pulito, Alberto"]
[Black "Hera, Imre jr"]
[Result "0-1"]
[WhiteElo "1651"]
[BlackElo "2065"]
[PlyCount "92"]
[EventDate "1996.10.21"]

1. e4 c5 2. c3 Nf6 3. e5 Nd5 4. d4 cxd4 5. cxd4 e6 6. Bc4 Nb6 7. Bb3 d6 8. exd6
Bxd6 9. Nc3 O-O 10. Nge2 Nc6 11. O-O a6 12. d5 exd5 13. Nxd5 Nxd5 14. Bxd5 Qc7
15. Ng3 Ne7 16. Bb3 Nf5 17. Qd3 Rd8 18. Qe4 Nxg3 19. fxg3 Rf8 20. Be3 Bd7 21.
Kh1 Rae8 22. Qf3 Bc6 23. Qf2 Kh8 24. Bc2 Qd7 25. Rad1 Rd8 26. Bb6 Rde8 27. Qd2
Bb5 28. Rf2 Qc6 29. Bd4 f6 30. b3 Qc7 31. a4 Bc6 32. Re2 Qf7 33. Qd3 g6 34. Rf1
Rxe2 35. Qxe2 Qe7 36. Qf2 Be5 37. Bc5 Bd6 38. Bd4 Kg7 39. g4 Rf7 40. g5 Be5 41.
gxf6+ Rxf6 42. Bxe5 Qxe5 43. Qg1 Rd6 44. Qf2 Qf6 45. Qe2 Qg5 46. Bd3 Rxd3 0-1

[Event "C.to Mondiale U16 femminile"]
[Site "Cala Galdana ESP"]
[Date "1996.10.??"]
[Round "3"]
[White "Barbiso, Tiziana"]
[Black "Sorokina, Anastasia"]
[Result "0-1"]
[WhiteElo "1699"]
[BlackElo "2115"]
[PlyCount "38"]
[EventDate "1996.10.21"]

1. e4 d5 2. d3 Nc6 3. c3 Nf6 4. Nd2 e5 5. Be2 Bc5 6. h3 Bb6 7. Ngf3 a6 8. Qc2
a5 9. Nf1 dxe4 10. dxe4 Nh5 11. g4 Nf4 12. Ng3 Qe7 13. Nf5 Bxf5 14. gxf5 Qc5
15. Rh2 Nb4 16. Qd2 Rd8 17. cxb4 axb4 18. Qe3 Qc2 19. Nd4 Bxd4 0-1

[Event "II Festival B"]
[Site "Toscolano-Maderno ITA"]
[Date "1996.10.??"]
[Round "?"]
[White "Carbone, Lorenzo"]
[Black "Ghidinelli, Giorgio"]
[Result "0-1"]
[WhiteElo "1638"]
[BlackElo "1728"]
[PlyCount "76"]
[EventDate "1996.10.19"]

1. e4 e6 2. Nf3 c5 3. d4 cxd4 4. Nxd4 Nc6 5. Be2 d6 6. O-O Nf6 7. Nc3 a6 8. Be3
Be7 9. f4 Qc7 10. Qe1 Bd7 11. Qg3 O-O 12. f5 Kh8 13. Qh3 Nxd4 14. Bxd4 b5 15.
a3 exf5 16. exf5 Bc6 17. Rf4 h6 18. Raf1 Kh7 19. Bd3 Rh8 20. Re1 Rae8 21. Qg3
Bd8 22. Ref1 Qb7 23. Qh3 Bb6 24. g4 Bxd4+ 25. Rxd4 Qa7 26. Rff4 Ne4 27. Ne2 Re5
28. c3 Rhe8 29. Bxe4 Rxe4 30. Rfxe4 Rxe4 31. Kf2 Qe7 32. Qd3 g6 33. fxg6+ fxg6
34. Rxe4 Bxe4 35. Qe3 d5 36. Nd4 Qf7+ 37. Kg3 h5 38. Qf4 h4+ 0-1

[Event "II Festival B"]
[Site "Toscolano-Maderno ITA"]
[Date "1996.10.??"]
[Round "?"]
[White "Carbone, Lorenzo"]
[Black "Guido, Flavio"]
[Result "1-0"]
[WhiteElo "1638"]
[BlackElo "2325"]
[PlyCount "108"]
[EventDate "1996.10.19"]

1. e4 c5 2. Nf3 d6 3. d4 cxd4 4. Nxd4 Nf6 5. Nc3 Nc6 6. Bb5 Bd7 7. O-O g6 8.
Bg5 Bg7 9. Qd2 h6 10. Be3 O-O 11. Nxc6 bxc6 12. Bd3 Kh7 13. h3 a5 14. f4 a4 15.
a3 Qa5 16. Rab1 Rab8 17. Qe1 Ng8 18. Bd2 Qa7+ 19. Kh1 c5 20. f5 Bc6 21. Qg3 Be5
22. Qh4 Bf6 23. Qg4 Qd7 24. e5 Bxe5 25. fxg6+ Kh8 26. Rxf7 Bg7 27. Qh5 Rxf7 28.
gxf7 Nf6 29. Qh4 Qe6 30. Bxh6 Qxf7 31. Bg5+ Kg8 32. Rf1 Qh5 33. Bxf6 Qxh4 34.
Bxh4 Rxb2 35. Nd1 c4 36. Bxc4+ d5 37. Nxb2 dxc4 38. Nxc4 Bb5 39. Rf4 e5 40. Re4
Bc6 41. Rg4 Kf8 42. Bg3 e4 43. Bd6+ Kg8 44. Be5 Bd5 45. Rxg7+ Kf8 46. Ne3 Bc6
47. Kh2 Ke8 48. h4 Kf8 49. h5 Be8 50. h6 Bf7 51. h7 Ke8 52. h8=Q+ Ke7 53. Rg5
Ke6 54. Qf6+ Kd7 1-0

[Event "II Festival B"]
[Site "Toscolano-Maderno ITA"]
[Date "1996.10.??"]
[Round "?"]
[White "Carrozza, Gregorio"]
[Black "Carbone, Lorenzo"]
[Result "0-1"]
[WhiteElo "1558"]
[BlackElo "1638"]
[PlyCount "156"]
[EventDate "1996.10.19"]

1. e4 d6 2. d4 Nf6 3. Nc3 g6 4. Nf3 Bg7 5. Be2 O-O 6. O-O c5 7. dxc5 dxc5 8.
Be3 b6 9. Qxd8 Rxd8 10. Rad1 Nc6 11. Rxd8+ Nxd8 12. Nd2 Ng4 13. Bxg4 Bxg4 14.
f3 Be6 15. a3 Nc6 16. f4 Bd4 17. Bxd4 Nxd4 18. Nd5 Bxd5 19. exd5 Nxc2 20. Nc4
Rd8 21. Rd1 Nd4 22. Re1 Kf8 23. Ne3 Rd6 24. Kf2 f6 25. b4 cxb4 26. axb4 Ke8 27.
Rd1 Nb5 28. Ra1 Rd7 29. h4 Kd8 30. h5 Kc7 31. Rh1 Kb7 32. hxg6 hxg6 33. Rh6 Nc3
34. Rxg6 Nxd5 35. Nxd5 Rxd5 36. Rg7 Rd7 37. g4 Kc6 38. g5 fxg5 39. fxg5 Kd6 40.
Kf3 Ke6 41. Kf4 Rd8 42. b5 Rc8 43. Rg6+ Kf7 44. Rc6 Rg8 45. Kf5 e6+ 46. Kg4 Rd8
47. Rc7+ Kg6 48. Rxa7 Rd5 49. Kf4 Rf5+ 50. Ke4 Rxg5 51. Kd4 Rxb5 52. Ra1 Kf6
53. Kc4 Rb2 54. Kc3 Rb5 55. Kc4 Rc5+ 56. Kb4 e5 57. Ra6 Rc6 58. Kb5 Rd6 59. Ra1
e4 60. Re1 Ke5 61. Kc4 Kf4 62. Rf1+ Ke3 63. Kc3 Ke2 64. Rf7 e3 65. Kc2 Rc6+ 66.
Kb2 Ke1 67. Re7 e2 68. Rf7 Rd6 69. Kc2 Rc6+ 70. Kb2 Kd2 71. Rd7+ Ke3 72. Re7+
Kf3 73. Rf7+ Ke3 74. Re7+ Kd2 75. Rd7+ Ke1 76. Rf7 Rd6 77. Rh7 Kd2 78. Rh1 e1=Q
0-1

[Event "II Festival B"]
[Site "Toscolano-Maderno ITA"]
[Date "1996.10.??"]
[Round "?"]
[White "Dieli, Riccardo"]
[Black "Fogassi, Primo"]
[Result "1/2-1/2"]
[WhiteElo "1621"]
[BlackElo "1549"]
[PlyCount "84"]
[EventDate "1996.10.19"]

1. Nf3 Nf6 2. d4 d5 3. c4 Bg4 4. e3 e6 5. cxd5 exd5 6. Be2 Bd6 7. b3 O-O 8. Ba3
Ne4 9. Bxd6 Qxd6 10. O-O Nd7 11. Nfd2 Bxe2 12. Qxe2 f5 13. f3 Ng5 14. Nc3 c6
15. Rfc1 Rae8 16. h4 Ne6 17. Qf2 Rf6 18. Nf1 Rh6 19. Ne2 c5 20. Neg3 Rf6 21.
Qc2 cxd4 22. Nxf5 Qe5 23. Nxd4 Nxd4 24. exd4 Qxd4+ 25. Qf2 Qf4 26. Rd1 Rfe6 27.
Rxd5 Re2 28. Qd4 Qxd4+ 29. Rxd4 Nf6 30. a4 Rb2 31. Rd3 Ree2 32. g3 h6 33. Rad1
Rg2+ 34. Kh1 Nh5 35. R1d2 Rgxd2 36. Nxd2 Nxg3+ 37. Kg2 Nh5 38. Rd8+ Kh7 39. Kf2
Nf4 40. Rd4 Ne6 41. Rd5 Kg6 42. Ke3 b6 1/2-1/2

[Event "II Festival B"]
[Site "Toscolano-Maderno ITA"]
[Date "1996.10.??"]
[Round "?"]
[White "Kusterle, Francesco"]
[Black "Morelli, Umberto"]
[Result "1-0"]
[WhiteElo "1623"]
[BlackElo "1540"]
[PlyCount "46"]
[EventDate "1996.10.19"]

1. e4 d6 2. d4 g6 3. Bc4 Nf6 4. f3 Bg7 5. Ne2 Nbd7 6. Be3 e5 7. Qd2 c6 8. Nbc3
b5 9. Bb3 a5 10. a3 O-O 11. d5 cxd5 12. Nxd5 Nc5 13. Nxf6+ Bxf6 14. Bd5 Bb7 15.
Rd1 Bxd5 16. Qxd5 Be7 17. Bxc5 dxc5 18. Qxe5 Qe8 19. O-O Rd8 20. Qc7 a4 21. Nf4
Bf6 22. Nd5 Bd4+ 23. Rxd4 cxd4 1-0

[Event "XI Festival"]
[Site "Bolzano - Bozen ITA"]
[Date "1996.10.??"]
[Round "?"]
[White "De Eccher, Stefano"]
[Black "Pieri, Filippo"]
[Result "1-0"]
[WhiteElo "2280"]
[BlackElo "2215"]
[PlyCount "81"]
[EventDate "1996.10.17"]

1. c4 Nf6 2. Nc3 c5 3. g3 g6 4. Bg2 Bg7 5. e4 d6 6. Nge2 Nc6 7. O-O O-O 8. d3
Rb8 9. Rb1 a6 10. a3 b5 11. cxb5 axb5 12. b4 Ba6 13. h3 Ne8 14. Be3 Nd4 15. Qd2
Nc7 16. f4 f5 17. Rfc1 e6 18. Bf2 Bb7 19. bxc5 dxc5 20. Nxd4 Bxd4 21. Nxb5
Bxf2+ 22. Qxf2 Nxb5 23. Rxb5 Qxd3 24. Rcb1 fxe4 25. Rxb7 Rxb7 26. Rxb7 Rf7 27.
Rb8+ Kg7 28. Qxc5 Qxg3 29. Qe5+ Kh6 30. Qg5+ Qxg5 31. fxg5+ Kxg5 32. Bxe4 Rc7
33. Bg2 Ra7 34. Rb5+ Kf4 35. Rb4+ Kf5 36. a4 e5 37. Kf2 Rc7 38. Be4+ Ke6 39. a5
Ra7 40. Rb6+ Kd7 41. a6 1-0

[Event "I Weekend Hotel Rasula Alta A"]
[Site "Gravina di Catania ITA"]
[Date "1996.10.20"]
[Round "3"]
[White "Misceru', Giuseppe"]
[Black "Alaimo, Riccardo"]
[Result "0-1"]
[WhiteElo "1905"]
[BlackElo "2059"]
[PlyCount "54"]
[EventDate "1996.10.19"]

1. b3 e5 2. Bb2 Nc6 3. e3 d5 4. Bb5 Bd6 5. f4 Qh4+ 6. g3 Qe7 7. Nf3 f6 8. fxe5
fxe5 9. Bxc6+ bxc6 10. Nxe5 Qg5 11. Nf3 Bxg3+ 12. hxg3 Qxg3+ 13. Kf1 Bh3+ 14.
Rxh3 Qxh3+ 15. Kf2 Nh6 16. Qg1 Ng4+ 17. Ke2 Rf8 18. Ne1 Rf2+ 19. Kd3 Rf1 20.
Qg2 Rxe1 21. Qxh3 Nf2+ 22. Kd4 Nxh3 23. Nc3 Rxa1 24. Bxa1 g5 25. Ke5 g4 26. Ne2
Ke7 27. Nd4 Rf8 0-1

[Event "I Weekend Hotel Rasula Alta A"]
[Site "Gravina di Catania ITA"]
[Date "1996.10.20"]
[Round "4"]
[White "Alaimo, Riccardo"]
[Black "Napoli Costa, Aurelio"]
[Result "1/2-1/2"]
[WhiteElo "2059"]
[BlackElo "2043"]
[PlyCount "136"]
[EventDate "1996.10.19"]

1. e4 c5 2. Nc3 Nc6 3. f4 d6 4. Nf3 e6 5. Bb5 Bd7 6. d3 Nge7 7. O-O a6 8. Bxc6
Nxc6 9. Qe1 Be7 10. Qg3 O-O 11. f5 Nd4 12. Nxd4 cxd4 13. Bh6 Bf6 14. Bxg7 Bh4
15. Rf3 Bxg3 16. Rxg3 Qh4 17. Bxd4+ Qxg3 18. hxg3 e5 19. Be3 f6 20. Nd5 Kf7 21.
Kf2 Rac8 22. c4 b5 23. b3 bxc4 24. dxc4 Bc6 25. Nc3 h5 26. Rd1 Rcd8 27. Bb6 Rd7
28. Rh1 Rb7 29. Ba5 Rh8 30. g4 h4 31. Kf3 Ke8 32. Rh3 Rg7 33. Nd1 Bxe4+ 34.
Kxe4 Rxg4+ 35. Kf3 Rf4+ 36. Ke2 Rxf5 37. Ne3 Rg5 38. Kf2 f5 39. Nd5 f4 40. Nf6+
Ke7 41. Ne4 Rg4 42. Bb4 Rh6 43. Nxd6 Rxd6 44. Rd3 Rgg6 45. Rxd6 Rxd6 46. Kf3
Ke6 47. Bxd6 Kxd6 48. b4 Kc6 49. Kg4 Kd6 50. Kxh4 e4 51. Kg4 Ke5 52. c5 Kd4 53.
c6 e3 54. Kf3 Kd3 55. c7 e2 56. c8=Q e1=Q 57. Qxa6+ Kc3 58. Qc6+ Kb2 59. Qf6+
Kxa2 60. Qa6+ Kb3 61. Qd3+ Ka4 62. Qc2+ Ka3 63. Qd3+ Ka4 64. Qd7+ Kxb4 65. Qd4+
Kb5 66. Qb2+ Kc5 67. Qf2+ Qxf2+ 68. Kxf2 Kd5 1/2-1/2

[Event "I Weekend Hotel Rasula Alta A"]
[Site "Gravina di Catania ITA"]
[Date "1996.10.27"]
[Round "8"]
[White "Licciardello, Salvatore"]
[Black "Alaimo, Riccardo"]
[Result "0-1"]
[WhiteElo "1863"]
[BlackElo "2059"]
[PlyCount "98"]
[EventDate "1996.10.19"]

1. e4 c5 2. Nf3 d6 3. Bb5+ Nd7 4. d4 Ngf6 5. Nc3 cxd4 6. Qxd4 e5 7. Qd3 h6 8.
Nd2 Be7 9. Nc4 O-O 10. Bxd7 Bxd7 11. Nxd6 Qb6 12. Nc4 Qc7 13. Ne3 Bb4 14. Bd2
Be6 15. Ncd5 Bxd2+ 16. Qxd2 Bxd5 17. Nxd5 Nxd5 18. exd5 Qc4 19. b3 Qe4+ 20. Kf1
b5 21. f3 Qf5 22. Kf2 Rac8 23. Rac1 b4 24. Rhe1 Rfd8 25. Qxb4 Rxd5 26. c4 Rd4
27. Qa5 Qg5 28. Rcd1 Rcd8 29. Rxd4 Rxd4 30. g3 f6 31. Qxa7 Qh5 32. h4 Qf5 33.
Qa5 Qh3 34. Rg1 Qf5 35. Rc1 Qh3 36. Qe1 Qh2+ 37. Ke3 Qxa2 38. Qc3 Qh2 39. Qe1
Qa2 40. Rc3 Qa5 41. c5 Rd5 42. Qc1 Qc7 43. b4 f5 44. Qc2 f4+ 45. gxf4 exf4+ 46.
Kf2 Qd8 47. Qb3 Kh8 48. Rc2 Qxh4+ 49. Kf1 Rd1+ 0-1

[Event "II Trofeo SAI A"]
[Site "Palermo ITA"]
[Date "1996.10.??"]
[Round "?"]
[White "Arnetta, Piero"]
[Black "Isonzo, David"]
[Result "0-1"]
[WhiteElo "1825"]
[BlackElo "2175"]
[PlyCount "28"]
[EventDate "1996.10.19"]

1. e4 c5 2. d4 cxd4 3. c3 Nf6 4. e5 Nd5 5. cxd4 Nc6 6. Nf3 d6 7. Bc4 Nb6 8.
Bxf7+ Kxf7 9. Ng5+ Ke8 10. e6 Bxe6 11. Nxe6 Qc8 12. Qe2 Nxd4 13. Nxd4 Qxc1+ 14.
Qd1 Qxb2 0-1

[Event "II Trofeo SAI A"]
[Site "Palermo ITA"]
[Date "1996.10.??"]
[Round "?"]
[White "Fragapane, Maurizio"]
[Black "Valguarnera, Girolamo"]
[Result "0-1"]
[WhiteElo "1872"]
[BlackElo "2050"]
[PlyCount "54"]
[EventDate "1996.10.19"]

1. d4 Nf6 2. Nf3 a5 3. Bg5 Ne4 4. Be3 a4 5. Qd3 d5 6. a3 Nc6 7. Nfd2 Nd6 8. Bf4
Bf5 9. e4 Nxe4 10. Qe3 e5 11. Nxe4 Nxd4 12. Bd3 dxe4 13. Bxe4 Bc5 14. Bxf5
Nxc2+ 15. Bxc2 Bxe3 16. Bxe3 O-O 17. Nc3 f5 18. Rd1 Qh4 19. Bc5 Rf7 20. g3 Qh3
21. Nxa4 Qg2 22. Ke2 b6 23. Be3 f4 24. gxf4 exf4 25. Bd4 Rxa4 26. Rhg1 Re7+ 27.
Be3 Rxe3+ 0-1

[Event "II Trofeo SAI A"]
[Site "Palermo ITA"]
[Date "1996.10.??"]
[Round "?"]
[White "Ganci, Davide"]
[Black "Ljubisavljevic, Zivojin Z."]
[Result "1/2-1/2"]
[WhiteElo "1621"]
[BlackElo "2275"]
[PlyCount "96"]
[EventDate "1996.10.19"]

1. e4 e6 2. d4 d5 3. exd5 exd5 4. Nf3 Bf5 5. Bd3 Bxd3 6. Qxd3 c6 7. O-O Bd6 8.
Re1+ Ne7 9. Ne5 Nd7 10. Bf4 Nxe5 11. Bxe5 O-O 12. Nd2 Bxe5 13. Rxe5 Ng6 14. Re3
Qb6 15. Rb1 Nf4 16. Qf5 Qxd4 17. Nf3 Qf6 18. Qxf6 gxf6 19. Re7 Rfb8 20. Nd4 c5
21. Nf5 b6 22. Nh6+ Kg7 23. Nxf7 Re8 24. Rd7 Kg6 25. Kf1 Rf8 26. Nd6 Rad8 27.
Rxd8 Rxd8 28. Nb5 a6 29. Nc7 Kf7 30. Nxa6 Ne6 31. b4 Ra8 32. b5 Nd4 33. Nc7
Rxa2 34. Nxd5 Rxc2 35. Nxb6 c4 36. Nd5 Nb3 37. Ne3 Nd2+ 38. Ke1 Ra2 39. Rc1 Ne4
40. Rxc4 Nxf2 41. Rc7+ Ke6 42. Rxh7 Nd3+ 43. Kd1 Nf2+ 44. Kc1 Nd3+ 45. Kd1 Nf2+
46. Ke1 Nd3+ 47. Kd1 Nf2+ 48. Ke1 Nd3+ 1/2-1/2